00909cam a2200169Ia 4500020001500000040000800015082002600023245015600049260008100205300002800286500031400314650001000628650001000638650001000648650001900658710006200677 a0949511242 cSDB00a633 AUS 1986 A039 Or.00aPreserving grain quality by aeration and in-store drying :bproceedings of an international seminar held at Kuala Lumpur, Malaysia, 9-11 October 1985 / aCanberra :bAustralian Centre for International Agricultural Research,c1986 a250 p. :bill. ;c24 cm a"Sponsored by: Group for Assistance on Systems relating to Grain After-harvest (GASGA), Australian Centre for International Agricultural Research (ACIAR), National Paddy and Rice Authority, Malaysia (LPN), Malaysian Agricultural Research and Development Institute (MARDI), ASEAN Food Handling Bureau (AFHB)." 0aGrain 0aGrain 0aGrain 0aGrain aeration2 aAustralian Centre for International Agricultural Research